000 00677nam a2200193Ia 4500
003 GCL
008 140319s9999 xx 000 0 ara d
040 _aGCL /
_cGCL
082 0 4 _a953.122
_bا ص
100 1 _aالسيد عثمان حافظ
245 1 0 _aصور و ذكريات عن المدينة المنورة /
_cالسيد عثمان حافظ
250 _aالاولى
260 _aالرياض :
_bمطبوعات نادى المدينة المنورة ،
_c1983
300 _a311 ص ؛
_c24 سم
650 0 4 _aالمسجد النبوى
650 0 4 _aالمدينة المنورة، تاريخ
650 0 4 _aالمكتبات - السعودية
942 _2ddc
_cBK
999 _c6968
_d6968